000 00828nam a22002177a 4500
005 20180410151652.0
010 _aENG-122539
020 _a9780199476466
_c950.00
035 _aEN-106071
037 _bDBAD/PUB.
082 _a915.16044
245 _aThirteen months in china:
_ced. by Anand A. Yang; tr. by Anand A. Yang; Kamal Sheel [and] Ranjana Sheel
_ba subaltern indian and the colonial world-an annotated translation of thakur gadadhar singh's chin me terah mas /
260 _aNew Delhi
_bOxford University Press
_c2017
270 _a2/11 Ground Floor, Ansari Road, Darya Ganj,
_bNew Delhi
_e110002
300 _a326p.
_bill.
_c22cm.(Hb)
500 _aIncludes and index
700 _dYang, Anand A.
700 _dSheel, Kamal
700 _dSheel, Ranjana
942 _2ddc
_cEN
_h915.16044
_mTHI
999 _c150971
_d150971